000 00601nam a22002057a 4500
999 _c9997
_d9997
003 AR-CdUCM
008 190329b ||||| |||| 00| 0 spa d
040 _aMUNICIPALIDAD PROVINCIAL DEL CUSCO
_cBIBLIOTECA MUNICIPAL DEL CUSCO
082 _a869.964 /
_bB45V / 1925
100 _aBernal, Emilia
_926583
245 _aVida :
_bPoesías /
260 _aMadrid :
_bTall.Calpe,
_c1925.
300 _a136 páginas ;
_c18 cm.
_bretrato,
505 _aContenido: Poesías.
650 _aPoesías cubanas
_917349
650 _aSiglo XX
_98
650 _aLiteratura
_983
942 _2ddc
_cLIBROS
945 _aachl